London house prices slower rise (Record no. 67247)

MARC details
000 -LEADER
fixed length control field 00931cam a2200229 4500
001 - CONTROL NUMBER
control field WB3722-09
008 - FIXED-LENGTH DATA ELEMENTS--GENERAL INFORMATION
fixed length control field 000000n2001 000 0 eng u
035 ## - SYSTEM CONTROL NUMBER
System control number (Sirsi) u112961
245 ## - TITLE STATEMENT
Title London house prices slower rise
260 ## - PUBLICATION, DISTRIBUTION, ETC.
Date of publication, distribution, etc. 2001
490 ## - SERIES STATEMENT
Series statement Weekend Financial Times
Volume/sequential designation 2 June 2001, 18
490 ## - SERIES STATEMENT
Series statement Financial Times
Volume/sequential designation 6 June 2001, 2(2)
520 ## - SUMMARY, ETC.
Summary, etc. Both the Halifax and Nationwide house prices indexes have been issued. They report sharp growth increases nationally with figures of over 7% recorded. The Nationwide survey reveals that house prices in London are slowing compared to the rest of the country but still growing at a reasonable rate of 5%.
590 ## - LOCAL NOTE (RLIN)
Local note WB
650 ## - SUBJECT ADDED ENTRY--TOPICAL TERM
Topical term or geographic name entry element LONDON
650 ## - SUBJECT ADDED ENTRY--TOPICAL TERM
Topical term or geographic name entry element HOUSING MARKET
650 ## - SUBJECT ADDED ENTRY--TOPICAL TERM
Topical term or geographic name entry element PRICE RISES
650 ## - SUBJECT ADDED ENTRY--TOPICAL TERM
Topical term or geographic name entry element HOUSE PRICE TO INCOME RATIOS
650 ## - SUBJECT ADDED ENTRY--TOPICAL TERM
Topical term or geographic name entry element HOUSE PRICE DATA
690 ## - LOCAL SUBJECT ADDED ENTRY--TOPICAL TERM (OCLC, RLIN)
Topical term or geographic name as entry element PROPERTY-RESIDENTIAL PROPERTY-RESIDENTIAL PROPERTY MARKET
942 ## - ADDED ENTRY ELEMENTS (KOHA)
Suppress in OPAC 0
Holdings
Withdrawn status Lost status Source of classification or shelving scheme Damaged status Not for loan Home library Current library Shelving location Date acquired Total Checkouts Full call number Barcode Date last seen Copy number Price effective from Koha item type
    Dewey Decimal Classification     London London News article 05/06/2001   WB3722-09 112961-1001 06/08/2019 1 06/08/2019 News article